| 000 | nam a22 7a 4500 | ||
|---|---|---|---|
| 999 |
_c28715 _d28715 |
||
| 008 | 170316b xxu||||| |||| 00| 0 eng d | ||
| 020 | _a0073108286 | ||
| 050 | _aHB 172.5 .B66 2005 | ||
| 245 |
_aAnnual editions : _bMacroeconomics, 2005/2006/ _cedited by Don Cole |
||
| 260 |
_aDubuque, Iowa : _bMcGraw-Hill/Dushkin, _c2005. |
||
| 300 |
_axvi, 207 pages : _billustrations ; _c28 cm. |
||
| 650 | _aMacroeconomics. | ||
| 942 |
_2lcc _cBOOKS _hHB 172.5 .B66 2005 |
||